Spread spectrum signal design : LPE & AJ systems /

Bibliographic Details
Main Author: Nicholson, David L., 1943-
Format: Book
Language:English
Published: Rockville, Md. : Computer Science Press, [1988]
Series:Electrical engineering communications and signal processing series ; 12.
Subjects:

MARC

Tag First Indicator Second Indicator Subfields
LEADER 00000cam a2200000 a 4500
001 in00000034299
005 20151007060645.0
008 880104s1988 mdua b 00110 eng
010 |a  87038218  
020 |a 0881751022 
035 |a (OCoLC)17354177 
035 |9 AAC1382AM 
040 |a DLC  |c DLC  |d TXA  |d UtOrBLW 
049 |a TXAM  |c [A12634668] 
050 0 0 |a TK5102.5  |b .N49 1988 
082 0 |a 621.38/043  |2 19 
100 1 |a Nicholson, David L.,  |d 1943- 
245 1 0 |a Spread spectrum signal design :  |b LPE & AJ systems /  |c David L. Nicholson. 
264 1 |a Rockville, Md. :  |b Computer Science Press,  |c [1988] 
264 4 |c ©1988 
300 |a xii, 291 pages :  |b illustrations ;  |c 24 cm. 
336 |a text  |b txt  |2 rdacontent 
337 |a unmediated  |b n  |2 rdamedia 
338 |a volume  |b nc  |2 rdacarrier 
490 1 |a Electrical engineering, communications, and signal processing,  |x  0888-2134 ;  |v 12 
504 |a Includes bibliographical references and index. 
650 0 |a Spread spectrum communications. 
830 0 |a Electrical engineering communications and signal processing series ;  |v 12. 
999 |a MARS 
999 f f |s bdd20434-ad6a-351e-b32b-d71bf700f20c  |i 0afae157-a261-31e7-a1b3-89bb5cc9fda1  |t 0 
952 f f |p ric  |a Texas A&M University  |b Rellis Campus  |c Joint Library Facility  |s JLF  |d Remote Storage  |t 0  |e TK5102.5 .N49 1988  |h Library of Congress classification  |i unmediated -- volume  |m A14823355065 
998 f f |a TK5102.5 .N49 1988  |t 0  |l Remote Storage